00831nam a22002657a 45000010005000000030006000050050017000110080041000280200018000690400029000870500014001160820010001301000027001402450037001672500041002042600032002453000045002775050007003225200098003295210018004275210018004456500027004636500040004907000035005307880FISKH20250821130959.0250813b cb ||||| |||| 00| 0 eng d a9781595155399 aFISKHbengcFISKHdFISKH aQB637.S76 a508.2 aCooper, Jasond(1942-) aSeason to season /cJason Cooper aThis edition first published in 2007 aVero Beach :bRourke,c2007 a24 pages :bcolor illustrations ;c21 cm aG  aDescribes The Reasons For Changes In The Seasons And The Significance To Plants And Animals. 8 a420 bLexile 8 aG bRaz-Plus  2Four SeasonsaGlossary 2The Eart in motionaSeasonal Change aStratford, Nicoladillustrator